Business communication : (Record no. 1585)
[ view plain ]
| 000 -LEADER | |
|---|---|
| fixed length control field | 00750cam a22002172 4500 |
| 001 - CONTROL NUMBER | |
| control field | 0000020999 |
| 005 - DATE AND TIME OF LATEST TRANSACTION | |
| control field | 20151021152602.0 |
| 008 - FIXED-LENGTH DATA ELEMENTS--GENERAL INFORMATION | |
| fixed length control field | 120106s xx 000 0 eng d |
| 020 ## - INTERNATIONAL STANDARD BOOK NUMBER | |
| International Standard Book Number | 0070146802 : |
| 040 ## - CATALOGING SOURCE | |
| Original cataloging agency | KABU |
| Transcribing agency | KABU |
| 245 10 - TITLE STATEMENT | |
| Title | Business communication : |
| Remainder of title | making connections in a digital world / |
| Statement of responsibility, etc. | Raymond V. Lesikar ... [et al.] |
| 250 ## - EDITION STATEMENT | |
| Edition statement | 11th ed. |
| 260 ## - PUBLICATION, DISTRIBUTION, ETC. (IMPRINT) | |
| Place of publication, distribution, etc. | New Delhi : |
| Name of publisher, distributor, etc. | Tata McGraw-Hill, |
| Date of publication, distribution, etc. | 2008. |
| 300 ## - PHYSICAL DESCRIPTION | |
| Extent | xxix, 737 p. |
| 650 #0 - SUBJECT ADDED ENTRY--TOPICAL TERM | |
| Topical term or geographic name as entry element | Business communication. |
| -- | 0000148326 |
| 700 1# - ADDED ENTRY--PERSONAL NAME | |
| Personal name | Lesikar, Raymond V. |
| -- | 0000148325 |
| 852 1# - LOCATION | |
| -- | p1750 KES |
| 852 1# - LOCATION | |
| -- | p1750 KES |
| 908 ## - PUT COMMAND PARAMETER (RLIN) | |
| Put command parameter | 120106 |
| 950 ## - LOCAL HOLDINGS (RLIN) | |
| -- | 1 |
| Withdrawn status | Lost status | Source of classification or shelving scheme | Not for loan | Home library | Current library | Date acquired | Total Checkouts | Full call number | Barcode | Date last seen | Date last checked out | Copy number | Price effective from | Koha item type | Total Renewals |
|---|---|---|---|---|---|---|---|---|---|---|---|---|---|---|---|
| Library of Congress Classification | Kabarak, Main Campus | Kabarak, Main Campus | 21/10/2015 | 2 | HF5721 .B87 2008 c. 1 | 20001 | 09/10/2019 | 27/09/2019 | c.1 | 21/10/2015 | General Collection | ||||
| Library of Congress Classification | Kabarak, Nakuru City Campus | Kabarak, Nakuru City Campus | 21/10/2015 | 1 | HF5721 .B87 2008 c. 1 | 20002 | 07/03/2018 | 12/02/2018 | c.1 | 21/10/2015 | General Collection | 1 |